El Proceso electoral de Costa Rica a partir de 1948

Đã lưu trong:
Chi tiết về thư mục
Tác giả của công ty: UCR. Departamento de Ciencias del Hombre. Grupo IL-26
Định dạng: Texto
Ngôn ngữ:Spanish
Được phát hành: San José :
Các nhãn: Thêm thẻ
Không có thẻ, Là người đầu tiên thẻ bản ghi này!

MARC

LEADER 00000 a a2200000 04500
001 17982
003 cru CIDCACS/IIS
005 20231129160930.0
008 170421b xxu||||| |||| 00| 0 spa d
040 |c cru CIDCACS/IIS  |a cru CIDCACS/IIS 
090 |a 04.04.02 P963p  
110 |a UCR. Departamento de Ciencias del Hombre. Grupo IL-26  
245 |a El Proceso electoral de Costa Rica a partir de 1948  
260 |a San José :  
300 |a 124 páginas  
942 |2 z  |c LI  |h 04.04.02 P963p   |i 05591  |6 040402_P963P_05591 
999 |c 12917  |d 12917